[Event "Let's Play Chess!"]
[Site "http://www.queenalice.com/game.php?id=611411"]
[Date "2009.6.30"]
[Round "-"]
[White "Ethernal"]
[Black "aureliano"]
[Result "1-0"]
[WhiteElo "1500"]
[BlackElo "1521"]

1. e4 e5 2. Nf3 Nc6 3. Bb5 a6 4. Ba4 b5 5. Bb3 a5 6. O-O Qf6 7. d3 Bc5 8. Nc3 d6
9. Nxb5 Nge7 10. Nxc7+ Kd7 11. Nxa8 Rd8 12. Be3 Ke8 13. Nc7+ Kf8 14. Nd5 Qg6 15.
Bxc5 dxc5 16. Nxe7 Nxe7 17. Nxe5 Qg5 18. Nxf7 Qg6 19. Nxd8 Bh3 20. Qf3+ Ke8 21.
Bf7+ Qxf7 22. Nxf7 Be6 23. Nd6+ Kd7 24. e5 g5 25. Rad1 g4 26. Qa8 h5 27. f4 gxf3
28. Rxf3 h4 29. Rf6 h3 30. Qe8+ Kc7 31. Qxe7+ Bd7 32. Nb5+ Kc8 33. Qxc5+ Kd8 34.
Rf8+ Be8 35. Qc7# 1-0

[Event "Challenge"]
[Site "http://www.queenalice.com/game.php?id=611464"]
[Date "2009.6.30"]
[Round "-"]
[White "sunking"]
[Black "Ethernal"]
[Result "1-0"]
[WhiteElo "1720"]
[BlackElo "1711"]

1. d4 d5 2. Nc3 Nf6 3. e3 c5 4. dxc5 e5 5. Bb5+ Nc6 6. Nf3 Bg4 7. Bxc6+ bxc6 8.
h3 Bh5 9. g4 Nxg4 10. hxg4 Bxg4 11. e4 Qf6 12. Bg5 Qxf3 13. Qxf3 Bxf3 14. Rg1
dxe4 15. Kd2 Bxc5 16. Be3 O-O-O+ 17. Ke1 Bxe3 18. fxe3 g6 19. Kf2 Rd2+ 20. Kg3
Rxc2 21. Nxe4 1-0

[Event "AUTO-OPEN-1605"]
[Site "http://www.queenalice.com/game.php?id=611533"]
[Date "2009.6.30"]
[Round "1"]
[White "serrameira"]
[Black "Ethernal"]
[Result "1-0"]
[WhiteElo "1761"]
[BlackElo "1352"]

1. e4 c5 2. Nf3 d6 3. d4 cxd4 4. Nxd4 Nf6 5. Nc3 a6 6. Bd3 e5 7. Nf3 h6 8. Be3
Be6 9. O-O Be7 10. Nd2 Ng4 11. Qe2 Nd7 12. h3 1-0

[Event "AUTO-OPEN-1605"]
[Site "http://www.queenalice.com/game.php?id=611534"]
[Date "2009.6.30"]
[Round "1"]
[White "Ethernal"]
[Black "serrameira"]
[Result "0-1"]
[WhiteElo "1352"]
[BlackElo "1759"]

1. e4 e5 2. Nf3 Nf6 3. Nxe5 Qe7 4. d4 d6 5. Nf3 Nxe4 6. Be2 Bg4 7. O-O Nd7 8.
Re1 O-O-O 9. Ng5 Nxg5 10. Bxg4 Qf6 11. h4 Ne6 12. Bxe6 fxe6 13. Bg5 Qf7 14. Bxd8
Kxd8 15. Nd2 Be7 0-1

[Event "AUTO-OPEN-1605"]
[Site "http://www.queenalice.com/game.php?id=611559"]
[Date "2009.6.30"]
[Round "1"]
[White "thw"]
[Black "Ethernal"]
[Result "1-0"]
[WhiteElo "2072"]
[BlackElo "1370"]

1. e4 c5 2. Nf3 d6 3. d4 cxd4 4. Nxd4 Nf6 5. Nc3 a6 6. Be3 e5 7. Nb3 Be6 8. Qd2
Nbd7 9. Be2 Be7 10. f3 O-O 11. O-O-O b5 12. g4 b4 13. Nb1 1-0

[Event "AUTO-OPEN-1605"]
[Site "http://www.queenalice.com/game.php?id=611560"]
[Date "2009.6.30"]
[Round "1"]
[White "Ethernal"]
[Black "thw"]
[Result "0-1"]
[WhiteElo "1370"]
[BlackElo "2074"]

1. e4 e6 2. d4 d5 3. Nc3 Nf6 4. Bg5 Be7 5. e5 Nfd7 6. Bxe7 Qxe7 7. f4 a6 8. Nf3
c5 9. Qd2 Nc6 10. dxc5 Nxc5 11. O-O-O b5 12. Bd3 b4 13. Ne2 Nxd3+ 14. Qxd3 Qc5
15. Ned4 Nxd4 0-1

[Event "AUTO-OPEN-1606"]
[Site "http://www.queenalice.com/game.php?id=612315"]
[Date "2009.7.2"]
[Round "1"]
[White "Ethernal"]
[Black "karpovl"]
[Result "0-1"]
[WhiteElo "1472"]
[BlackElo "1540"]

1. e4 e5 2. f4 Bc5 3. Nf3 d5 4. Nxe5 Qf6 5. d4 Bb4+ 6. c3 Bxc3+ 7. Nxc3 c6 8.
Qf3 Nh6 9. Be3 Bg4 10. Nxg4 Nxg4 0-1

[Event "AUTO-OPEN-1607"]
[Site "http://www.queenalice.com/game.php?id=612861"]
[Date "2009.7.3"]
[Round "1"]
[White "raymundo"]
[Black "Ethernal"]
[Result "1-0"]
[WhiteElo "1904"]
[BlackElo "1370"]

1. c4 e5 2. Nc3 Nf6 3. g3 Bb4 4. Bg2 O-O 5. e4 Bxc3 6. bxc3 c6 7. Qb3 Na6 8. Ba3
d6 9. Ne2 Nd7 10. d4 c5 11. Rd1 1-0